[Event "Mittelfranken-chTB2a 1920"]
[Site "Mittelfranken"]
[Date "2019.11.03"]
[Round "2.8"]
[White "Diebel, Guenter"]
[Black "Bursian, Tim"]
[Result "0-1"]
[WhiteElo "1649"]
[BlackElo "1720"]
[PlyCount "74"]
[EventDate "2019.10.13"]
[EventType "team-tourn"]
[EventRounds "9"]
[EventCountry "GER"]
[SourceTitle "EXT 2023"]
[Source "ChessBase"]
[SourceDate "2022.10.05"]
[SourceVersion "1"]
[SourceVersionDate "2022.10.05"]
[SourceQuality "1"]
[WhiteTeam "Nuernberg Sued SW IV"]
[BlackTeam "Nuernberg Jaeklechemie"]
[WhiteTeamCountry "GER"]
[BlackTeamCountry "GER"]

1. e4 c6 2. Nc3 d5 3. exd5 cxd5 4. d4 Nc6 5. Nf3 Nf6 6. h3 Bf5 7. a3 e6 8. Bb5 a6 9. Bd3 Bxd3 10. Qxd3 Bd6 11. Bg5 0-0 12. 0-0 Rc8 13. Rac1 Na5 14. Ne5 Be7 15. b4 Nc4 16. Nxc4 dxc4 17. Qe3 b5 18. Rfe1 Nd5 19. Nxd5 Bxg5 20. f4 Bh4 21. Nc3 Bxe1 22. Rxe1 Qb6 23. Ne4 Rfd8 24. c3 a5 25. Nc5 axb4 26. axb4 Qc6 27. Kh2 Ra8 28. Re2 h6 29. g4 Ra1 30. Rg2 Rda8 31. g5 R8a2 32. Ne4 hxg5 33. Qf3 Kf8 34. f5 Rxg2+ 35. Qxg2 exf5 36. Qxg5 fxe4 37. d5 Qd6+ 0-1

[Event "Nuremberg Zabo op 16th"]
[Site "Nuremberg"]
[Date "2014.09.20"]
[Round "3"]
[White "Laustsen, Karl Johann"]
[Black "Bursian, Tim"]
[Result "1-0"]
[WhiteElo "1810"]
[BlackElo "1591"]
[PlyCount "37"]
[EventDate "2014.09.19"]
[EventType "swiss"]
[EventRounds "5"]
[EventCountry "GER"]
[SourceTitle "EXT 2018"]
[Source "ChessBase"]
[SourceDate "2017.10.13"]
[SourceVersion "1"]
[SourceVersionDate "2017.10.13"]
[SourceQuality "1"]

1. d4 Nf6 2. Bf4 e6 3. e3 d5 4. c3 c5 5. Nd2 Bd6 6. Bg3 Bxg3 7. hxg3 Nbd7 8. Ngf3 b6 9. Bd3 c4 10. Bc2 Bb7 11. Qe2 Rc8 12. Ne5 Qc7 13. f4 Ne4 14. Nxe4 dxe4 15. Ba4 Rd8 16. Bxd7+ Rxd7 17. Nxd7 Kxd7 18. Qh5 Ke8 19. Qe5 1-0

[Event "Nuremberg Zabo op 16th"]
[Site "Nuremberg"]
[Date "2014.09.19"]
[Round "1"]
[White "Bachstein, Dustin"]
[Black "Bursian, Tim"]
[Result "1/2-1/2"]
[WhiteElo "2025"]
[BlackElo "1591"]
[PlyCount "82"]
[EventDate "2014.09.19"]
[EventType "swiss"]
[EventRounds "5"]
[EventCountry "GER"]
[SourceTitle "EXT 2018"]
[Source "ChessBase"]
[SourceDate "2017.10.13"]
[SourceVersion "1"]
[SourceVersionDate "2017.10.13"]
[SourceQuality "1"]

1. d4 Nf6 2. c4 e6 3. Nc3 Bb4 4. e3 0-0 5. Nge2 c5 6. a3 Bxc3+ 7. Nxc3 cxd4 8. exd4 d5 9. cxd5 Nxd5 10. Be2 b6 11. Nxd5 exd5 12. b4 Re8 13. 0-0 Nc6 14. Be3 Qf6 15. Rc1 Bb7 16. Qd2 h6 17. Rc3 Re7 18. Rfc1 Nd8 19. b5 Ne6 20. Bg4 Rae8 21. Bxe6 Qxe6 22. h3 Qe4 23. Qc2 f5 24. Rc7 g5 25. Qxe4 dxe4 26. Bd2 a5 27. bxa6 Bxa6 28. Rxe7 Rxe7 29. Rc6 Kg7 30. Rxb6 Bd3 31. g3 Rd7 32. a4 Kh7 33. Bc3 Be2 34. a5 Rc7 35. Bb2 Rc2 36. Rb7+ Kg6 37. d5 Rd2 38. g4 fxg4 39. hxg4 Bxg4 40. Rb6+ Kh5 41. Bg7 Rd1+ 1/2-1/2

[Event "Nuremberg Zabo op 15th"]
[Site "Nuremberg"]
[Date "2013.09.22"]
[Round "5"]
[White "Bursian, Tim"]
[Black "Balhar, Michael"]
[Result "1/2-1/2"]
[WhiteElo "1520"]
[BlackElo "1721"]
[PlyCount "55"]
[EventDate "2013.09.20"]
[EventType "swiss"]
[EventRounds "5"]
[EventCountry "GER"]
[SourceTitle "EXT 2016"]
[Source "ChessBase"]
[SourceDate "2015.10.08"]
[SourceVersion "1"]
[SourceVersionDate "2015.10.08"]
[SourceQuality "1"]

1. d4 Nf6 2. Bg5 e6 3. e4 Be7 4. Bd3 h6 5. Bxf6 Bxf6 6. c3 d6 7. Nd2 Nd7 8. Nb3 a6 9. Nf3 e5 10. d5 g6 11. 0-0 0-0 12. Rc1 Bg5 13. Nxg5 Qxg5 14. Qd2 Qxd2 15. Nxd2 f5 16. f4 exf4 17. Rxf4 Ne5 18. Bc2 g5 19. Rf2 f4 20. h3 Bd7 21. Re1 Rae8 22. b3 h5 23. Nf3 g4 24. Nxe5 Rxe5 25. hxg4 hxg4 26. Ref1 f3 27. gxf3 gxf3 28. Rxf3 1/2-1/2